[Event "RA Summer Pickup #3"]
[Site "Ottawa CAN"]
[Date "1996.08.22"]
[Round "5"]
[White "Pacey, Kevin"]
[Black "Ferguson, Peter"]
[Result "1/2-1/2"]
[WhiteElo "2307"]
[BlackElo "2276"]
[PlyCount "110"]
[EventDate "1996.07.25"]
[EventType "swiss"]
[EventRounds "6"]
[EventCountry "CAN"]

1. e4 e5 2. Nf3 Nc6 3. Bc4 Nf6 4. d3 Bc5 5. Nc3 d6 6. Na4 Bb4+ 7. c3 Ba5 8. b4
Bb6 9. O-O O-O 10. Re1 Qe7 11. h3 Nd8 12. d4 exd4 13. cxd4 d5 14. exd5 Qxb4 15.
Ne5 Ba5 16. Re2 Qd6 17. Qb3 b5 18. Qxb5 Bb6 19. Qb3 Bxd4 20. Ba3 c5 21. dxc6
Qc7 22. Rae1 Bxe5 23. Rxe5 Nxc6 24. Rc5 Bb7 25. Rc1 Ne4 26. Rf5 Nd4 27. Bxf7+
Qxf7 28. Rxf7 Nxb3 29. Rxf8+ Rxf8 30. Rb1 Na5 31. Bxf8 Kxf8 32. f3 Nd6 33. Nc5
g6 34. Nxb7 Naxb7 35. f4 Kf7 36. g4 a6 37. Rb6 a5 38. Kf2 Ke6 39. Ke3 Kd5 40.
Kd3 Nc5+ 41. Ke2 Ne6 42. Ra6 Nc4 43. f5 gxf5 44. gxf5 Nd4+ 45. Kd3 Nxf5 46. Ra8
h6 47. Kc3 h5 48. Rd8+ Ncd6 49. Ra8 Nb7 50. Rb8 Kc6 51. Rf8 Nbd6 52. Kb3 h4 53.
Ka4 Kb6 54. Rf6 Ka6 55. Re6 Kb6 1/2-1/2

[Event "RA Summer Pickup #3"]
[Site "Ottawa CAN"]
[Date "1996.08.29"]
[Round "6"]
[White "Palsson, Halldor"]
[Black "Pacey, Kevin"]
[Result "0-1"]
[WhiteElo "2124"]
[BlackElo "2307"]
[PlyCount "50"]
[EventDate "1996.07.25"]
[EventType "swiss"]
[EventRounds "6"]
[EventCountry "CAN"]

1. d4 g6 2. c4 Bg7 3. Nc3 d6 4. e4 e5 5. d5 Nd7 6. Bd3 a5 7. Be3 Nh6 8. f3 Nc5
9. Bc2 f5 10. Qd2 Nf7 11. h4 f4 12. Bf2 O-O 13. Nge2 Bd7 14. Nc1 c6 15. Nb3
cxd5 16. Nxd5 Na4 17. O-O-O b5 18. c5 Ra6 19. Kb1 Qb8 20. Nxa5 Be6 21. Bb3 Bxd5
22. Bxd5 Nxc5 23. Nc6 Qe8 24. Nb4 Ra7 25. Rc1 Rc7 0-1

[Event "RA Winter op"]
[Site "Ottawa CAN"]
[Date "1996.01.13"]
[Round "1"]
[White "Pacey, Kevin"]
[Black "Van Adel, Steven"]
[Result "1-0"]
[WhiteElo "2260"]
[BlackElo "2002"]
[PlyCount "113"]
[EventDate "1996.01.12"]
[EventType "swiss"]
[EventRounds "5"]
[EventCountry "CAN"]

1. e4 e6 2. d4 c5 3. Nf3 cxd4 4. Nxd4 Bc5 5. Nb3 Bb6 6. Nc3 Ne7 7. Bf4 d5 8.
exd5 Nxd5 9. Nxd5 exd5 10. Bxb8 Rxb8 11. Bb5+ Kf8 12. O-O g6 13. Qf3 Be6 14.
Qf4 Kg7 15. c3 Qf6 16. Qxf6+ Kxf6 17. Rad1 a6 18. Be2 Rhd8 19. Nd4 Ba7 20. Rd3
Rd7 21. Re1 Bxd4 22. Rxd4 b5 23. h3 a5 24. a3 Rdb7 25. Bf3 Rd7 26. Red1 Rbd8
27. Kh2 Ke7 28. R1d2 Rd6 29. Kg3 R8d7 30. Kf4 f6 31. h4 h6 32. g4 Bf7 33. Kg3
Kd8 34. a4 bxa4 35. Rxa4 d4 36. Rdxd4 Rxd4 37. cxd4 Bb3 38. Rxa5 Rxd4 39. Rb5
Rd3 40. Kg2 Bf7 41. Rb7 Bd5 42. Bxd5 Rxd5 43. Rg7 g5 44. h5 Rd4 45. Kg3 Ke8 46.
Rb7 Rd3+ 47. Kg2 Rd4 48. Kf3 f5 49. gxf5 Rf4+ 50. Kg3 Rh4 51. f6 Rxh5 52. Kg4
Rh4+ 53. Kf5 Rf4+ 54. Kg6 Rxf2 55. f7+ Kf8 56. Rb8+ Ke7 57. Re8+ 1-0

[Event "RA Winter op"]
[Site "Ottawa CAN"]
[Date "1996.01.13"]
[Round "1"]
[White "Veltmann, Alfred"]
[Black "Gould, Charles"]
[Result "1/2-1/2"]
[WhiteElo "1979"]
[BlackElo "1904"]
[PlyCount "58"]
[EventDate "1996.01.12"]
[EventType "swiss"]
[EventRounds "5"]
[EventCountry "CAN"]

1. e4 d6 2. d4 Nf6 3. Nc3 g6 4. Be3 Bg7 5. f3 O-O 6. Nge2 Nbd7 7. Qd2 e5 8. d5
Nb6 9. b3 c6 10. Bg5 cxd5 11. Bxf6 Qxf6 12. Nxd5 Nxd5 13. Qxd5 Qe7 14. Rd1 Rd8
15. c4 Be6 16. Qa5 f5 17. Nc3 Kh8 18. Bd3 Qh4+ 19. g3 Qg5 20. Kf2 Bh6 21. Nd5
Bxd5 22. Qxd5 Qe3+ 23. Kg2 fxe4 24. Qxe4 b6 25. Qxe3 Bxe3 26. Be4 Rac8 27. h4
Kg7 28. Rhe1 Bd4 29. Rf1 Rf8 1/2-1/2

[Event "RA Winter op"]
[Site "Ottawa CAN"]
[Date "1996.01.13"]
[Round "2"]
[White "Fodor, John"]
[Black "Veltmann, Alfred"]
[Result "1-0"]
[WhiteElo "1980"]
[BlackElo "1979"]
[PlyCount "29"]
[EventDate "1996.01.12"]
[EventType "swiss"]
[EventRounds "5"]
[EventCountry "CAN"]

1. d4 e6 2. c4 Bb4+ 3. Bd2 Qe7 4. Nf3 f5 5. a3 Bxd2+ 6. Nbxd2 Nf6 7. Qc2 b6 8.
e4 fxe4 9. Nxe4 Bb7 10. Bd3 Nc6 11. O-O-O O-O-O 12. Rhe1 h6 13. d5 exd5 14.
cxd5 Ne5 15. d6 1-0

[Event "RA Winter op"]
[Site "Ottawa CAN"]
[Date "1996.01.13"]
[Round "3"]
[White "Pacey, Kevin"]
[Black "Desjardins, Andre"]
[Result "1/2-1/2"]
[WhiteElo "2260"]
[BlackElo "2211"]
[PlyCount "62"]
[EventDate "1996.01.12"]
[EventType "swiss"]
[EventRounds "5"]
[EventCountry "CAN"]

1. e4 c5 2. Nf3 Nc6 3. Bb5 g6 4. O-O Bg7 5. c3 Nf6 6. Re1 O-O 7. d4 cxd4 8.
cxd4 d5 9. e5 Ne4 10. Nc3 Nxc3 11. bxc3 Bg4 12. h3 Bd7 13. Bd3 Na5 14. Ng5 h6
15. Nf3 Be6 16. Nh4 Rc8 17. f4 Rxc3 18. f5 Qb6 19. Be3 gxf5 20. Rb1 Qc6 21.
Bxf5 Nc4 22. Bf4 Na3 23. Qg4 Kh8 24. Bxe6 Qxe6 25. Qxe6 fxe6 26. Ng6+ Kg8 27.
Rxb7 Rf7 28. Rf1 Rd3 29. Rxe7 Rxe7 30. Nxe7+ Kh7 31. Nc6 Nb5 1/2-1/2

[Event "RA Winter op"]
[Site "Ottawa CAN"]
[Date "1996.01.13"]
[Round "3"]
[White "Veltmann, Alfred"]
[Black "Vallieres, Shawn"]
[Result "0-1"]
[WhiteElo "1979"]
[BlackElo "1826"]
[PlyCount "64"]
[EventDate "1996.01.12"]
[EventType "swiss"]
[EventRounds "5"]
[EventCountry "CAN"]

1. e4 a6 2. Nc3 b5 3. b4 e6 4. a3 Bb7 5. Nf3 Nf6 6. e5 Nd5 7. Nxd5 Bxd5 8. d4
Be7 9. g3 O-O 10. Bg2 f6 11. O-O fxe5 12. Nxe5 Bxg2 13. Kxg2 Bf6 14. Be3 Bxe5
15. dxe5 d6 16. Qg4 Qe7 17. f4 Nd7 18. Bd4 Rac8 19. Rae1 dxe5 20. Bxe5 Nxe5 21.
Rxe5 c5 22. c3 cxb4 23. cxb4 Rc2+ 24. Rf2 Rc3 25. Ra2 Qb7+ 26. Kf2 Qh1 27.
Qxe6+ Kh8 28. Qd5 Qxh2+ 29. Qg2 Rxf4+ 30. gxf4 Qxf4+ 31. Ke2 Qxe5+ 32. Kd1 Rd3+
0-1

[Event "RA Winter op"]
[Site "Ottawa CAN"]
[Date "1996.01.14"]
[Round "4"]
[White "Friis, Torben"]
[Black "Veltmann, Alfred"]
[Result "1-0"]
[WhiteElo "1914"]
[BlackElo "1979"]
[PlyCount "127"]
[EventDate "1996.01.12"]
[EventType "swiss"]
[EventRounds "5"]
[EventCountry "CAN"]

1. e4 e5 2. Nf3 Nc6 3. Bb5 a6 4. Ba4 Nf6 5. O-O Be7 6. Re1 b5 7. Bb3 d6 8. c3
O-O 9. d3 Bg4 10. Bg5 Na5 11. Bxf6 Bxf6 12. Bc2 c5 13. Nbd2 Bg5 14. Nf1 Qf6 15.
h3 Bxf3 16. Qxf3 Qxf3 17. gxf3 f5 18. Ng3 f4 19. Ne2 Nc6 20. Bb3+ Kh8 21. Bd5
Rac8 22. Bxc6 Rxc6 23. Kg2 Bh4 24. d4 cxd4 25. cxd4 Rfc8 26. Rac1 Rc2 27. Rxc2
Rxc2 28. Rc1 Rxc1 29. Nxc1 exd4 30. Nd3 Bg5 31. b4 Kg8 32. e5 dxe5 33. Nxe5 Bd8
34. Kf1 Bc7 35. Nd3 g5 36. Nc5 a5 37. bxa5 Bxa5 38. Ne6 Bb6 39. Nxg5 Bc7 40.
Ke2 h6 41. Ne6 Be5 42. Kd3 Kf7 43. Nxd4 b4 44. Ke4 Kf6 45. Ne2 Bd6 46. Nxf4 Kg5
47. Ng2 Bc5 48. f4+ Kf6 49. Ne3 h5 50. f3 Kf7 51. Nf5 Kf6 52. Nd4 h4 53. Kd5
Bf8 54. Kc4 Bd6 55. Nc6 Kf5 56. Nxb4 Kxf4 57. a4 Bb8 58. Nc6 Bc7 59. Nd4 Kg3
60. Nf5+ Kxh3 61. Kd4 Bd8 62. Ke4 Kg2 63. Nxh4+ Bxh4 64. a5 1-0

[Event "RA Winter op"]
[Site "Ottawa CAN"]
[Date "1996.01.14"]
[Round "4"]
[White "Linskiy, Oleg"]
[Black "Pacey, Kevin"]
[Result "1-0"]
[WhiteElo "2350"]
[BlackElo "2260"]
[PlyCount "79"]
[EventDate "1996.01.12"]
[EventType "swiss"]
[EventRounds "5"]
[EventCountry "CAN"]

1. e4 Nc6 2. d4 e5 3. d5 Nce7 4. g3 Ng6 5. Bg2 Bc5 6. h4 h5 7. Bf3 Nf6 8. Bg5
d6 9. Nc3 a6 10. Rh2 Bb4 11. Bxh5 c6 12. dxc6 bxc6 13. Kf1 Qa5 14. Bxf6 gxf6
15. Qf3 Ke7 16. Nge2 Be6 17. Bg4 Rab8 18. Nd1 Bd2 19. Ne3 Bxe3 20. Bxe6 fxe6
21. Qxe3 Qb5 22. b3 d5 23. c4 Qb6 24. exd5 Qxe3 25. d6+ Kxd6 26. fxe3 e4 27.
Rd1+ Ke7 28. Nf4 Ne5 29. Rhd2 Rbg8 30. Rd6 Rxg3 31. Rxe6+ Kf7 32. Rdd6 Rf3+ 33.
Ke1 Nd3+ 34. Nxd3 Rxe3+ 35. Kf2 Rf3+ 36. Ke2 Rxd3 37. Rxf6+ Kg7 38. Rg6+ Kh7
39. h5 Re8 40. Rxd3 1-0

[Event "RA Winter op"]
[Site "Ottawa CAN"]
[Date "1996.01.14"]
[Round "5"]
[White "Pacey, Kevin"]
[Black "Cote, Jacques"]
[Result "1-0"]
[WhiteElo "2260"]
[BlackElo "2242"]
[PlyCount "29"]
[EventDate "1996.01.12"]
[EventType "swiss"]
[EventRounds "5"]
[EventCountry "CAN"]

1. e4 e5 2. Bc4 Nc6 3. Nf3 Bc5 4. Nc3 Nf6 5. Nd5 Nxe4 6. Qe2 Nxf2 7. d4 Bxd4 8.
Nxd4 O-O 9. Qxf2 Nxd4 10. Qg3 c6 11. Bg5 Qa5+ 12. b4 Nxc2+ 13. Kd1 Nxb4 14. Bf6
Qa4+ 15. Bb3 1-0

[Event "RA Winter op"]
[Site "Ottawa CAN"]
[Date "1996.01.14"]
[Round "5"]
[White "Veltmann, Alfred"]
[Black "Barger, John"]
[Result "1-0"]
[WhiteElo "1979"]
[BlackElo "1667"]
[PlyCount "85"]
[EventDate "1996.01.12"]
[EventType "swiss"]
[EventRounds "5"]
[EventCountry "CAN"]

1. e4 c5 2. Nf3 d6 3. d4 cxd4 4. Nxd4 Nf6 5. Nc3 e6 6. g4 e5 7. Nf5 g6 8. Ne3
Be7 9. h3 a6 10. Bg2 Nc6 11. Ned5 Nxd5 12. Nxd5 Bh4 13. Be3 Ne7 14. Bb6 Qd7 15.
Nc7+ Kf8 16. Nxa8 Qb5 17. Be3 Qxb2 18. O-O h5 19. g5 Be6 20. Qb1 Qc3 21. Qxb7
Bc8 22. Qb3 Qc6 23. Nb6 Be6 24. Qa4 Qc3 25. Nd5 Nxd5 26. exd5 Bxg5 27. Bxg5
Bxh3 28. Bxh3 Qxh3 29. Qh4 Qf3 30. Be7+ Kg7 31. Bxd6 Re8 32. Rad1 f6 33. Rd3
Qf5 34. Qh3 Qxh3 35. Rxh3 Rd8 36. Ba3 Rxd5 37. Rd3 Ra5 38. Rb1 g5 39. Rb7+ Kg6
40. c4 Ra4 41. Rc3 h4 42. Rb4 Ra5 43. c5 1-0

[Event "RACC ch"]
[Site "Ottawa CAN"]
[Date "1996.??.??"]
[Round "?"]
[White "Danilov, Alex"]
[Black "Bunning, Les"]
[Result "1-0"]
[WhiteElo "1766"]
[BlackElo "1963"]
[PlyCount "55"]
[EventDate "1996.01.04"]
[EventType "swiss"]
[EventRounds "7"]
[EventCountry "CAN"]

1. e4 c5 2. Nf3 d6 3. d4 cxd4 4. Nxd4 Nf6 5. Nc3 g6 6. Be3 Bg7 7. f3 Nc6 8. Nb3
O-O 9. Bc4 a6 10. Qd2 Ne5 11. Be2 b5 12. g4 Bb7 13. h4 Nc4 14. Bxc4 bxc4 15.
Nd4 h5 16. Nf5 gxf5 17. gxf5 Kh7 18. O-O-O Rg8 19. Rdg1 Qa5 20. Rg5 Bh6 21.
Rhg1 Bxg5 22. hxg5 Nxe4 23. fxe4 Kg7 24. Bd4+ Kf8 25. g6 f6 26. Bxf6 Ke8 27.
Bxe7 Kxe7 28. Nd5+ 1-0

[Event "RACC ch"]
[Site "Ottawa CAN"]
[Date "1996.01.04"]
[Round "1"]
[White "Pacey, Kevin"]
[Black "Gavin, S."]
[Result "1-0"]
[WhiteElo "2260"]
[BlackElo "1950"]
[PlyCount "51"]
[EventDate "1996.01.04"]
[EventType "swiss"]
[EventRounds "7"]
[EventCountry "CAN"]

1. e4 e5 2. Nf3 Nf6 3. d4 Nxe4 4. Bd3 d5 5. Nxe5 Bb4+ 6. c3 Be7 7. O-O O-O 8.
Re1 Nf6 9. Nd2 Nbd7 10. Nf1 Re8 11. Ng3 g6 12. Bh6 Bf8 13. Bxf8 Nxf8 14. f4 Ne6
15. Qd2 Nd7 16. f5 Nxe5 17. Rxe5 Nf8 18. Rae1 Rxe5 19. dxe5 Qh4 20. Bb1 c6 21.
Rf1 Bd7 22. Qf2 Be8 23. Qe3 Qe7 24. f6 Qd7 25. Qh6 Ne6 26. Rf4 1-0

[Event "RACC ch"]
[Site "Ottawa CAN"]
[Date "1996.01.11"]
[Round "2"]
[White "Radovanovic, Cvijan"]
[Black "Pacey, Kevin"]
[Result "1-0"]
[WhiteElo "2100"]
[BlackElo "2260"]
[PlyCount "107"]
[EventDate "1996.01.04"]
[EventType "swiss"]
[EventRounds "7"]
[EventCountry "CAN"]

1. d4 Nf6 2. Nf3 d5 3. g3 Bg4 4. Bg2 e6 5. O-O Nbd7 6. c4 c6 7. Nbd2 Bd6 8. h3
Bh5 9. Qb3 Rb8 10. Re1 O-O 11. e4 dxe4 12. Ng5 Qa5 13. Ngxe4 Nxe4 14. Bxe4 Bb4
15. Qe3 c5 16. Nb3 Qa6 17. Bd2 cxd4 18. Qxd4 Bxd2 19. Nxd2 Nf6 20. Bg2 Rfd8 21.
Qc3 Rbc8 22. Qb4 Rc7 23. b3 Rd3 24. Ne4 Nxe4 25. Bxe4 Rdd7 26. g4 Bg6 27. Bg2
h5 28. Rad1 hxg4 29. hxg4 b6 30. a4 Qc8 31. Rxd7 Rxd7 32. a5 Qc5 33. Qxc5 bxc5
34. Re5 Rc7 35. Be4 Bxe4 36. Rxe4 Rb7 37. Re3 Kf8 38. Kf1 Ke7 39. Ke2 Kf6 40.
Kd2 Kg5 41. Re5+ Kxg4 42. Rxc5 Rxb3 43. Rc7 f5 44. Rxg7+ Kf4 45. Rxa7 e5 46. c5
Rb5 47. c6 Rc5 48. c7 Kf3 49. Rb7 Kg2 50. a6 Kxf2 51. a7 e4 52. a8=Q e3+ 53.
Kd3 e2 54. Rb2 1-0

[Event "RACC ch"]
[Site "Ottawa CAN"]
[Date "1996.01.18"]
[Round "3"]
[White "Pacey, Kevin"]
[Black "Devenport, Jordan"]
[Result "1-0"]
[WhiteElo "2260"]
[BlackElo "1440"]
[PlyCount "77"]
[EventDate "1996.01.04"]
[EventType "swiss"]
[EventRounds "7"]
[EventCountry "CAN"]

1. d4 f5 2. Nc3 Nf6 3. Bg5 e6 4. e4 Bb4 5. e5 h6 6. exf6 hxg5 7. fxg7 Rg8 8.
Qh5+ Ke7 9. Qxg5+ Kf7 10. Qxd8 Rxd8 11. g3 Nc6 12. Nf3 d6 13. O-O-O Bd7 14. d5
exd5 15. Nxd5 Ba5 16. Bh3 Kxg7 17. Nh4 Rf8 18. Ne3 Ne7 19. Nc4 Bb4 20. a3 Bc5
21. Rhe1 d5 22. Ne5 Bb5 23. Nd3 Bxd3 24. Rxd3 Rae8 25. f4 Kg8 26. b4 Bd6 27.
Bxf5 Nxf5 28. Rxe8 Nxh4 29. Rxf8+ Kxf8 30. gxh4 Bxf4+ 31. Kd1 Bxh2 32. Rxd5 Ke7
33. Rf5 Ke6 34. Rf3 a6 35. h5 b6 36. h6 c6 37. h7 Be5 38. Re3 Kf5 39. Rxe5+ 1-0

[Event "RACC ch"]
[Site "Ottawa CAN"]
[Date "1996.01.25"]
[Round "4"]
[White "Van Adel, Steven"]
[Black "Pacey, Kevin"]
[Result "0-1"]
[WhiteElo "2002"]
[BlackElo "2260"]
[PlyCount "68"]
[EventDate "1996.01.04"]
[EventType "swiss"]
[EventRounds "7"]
[EventCountry "CAN"]

1. e4 c5 2. Nf3 d6 3. d3 Nc6 4. g3 g6 5. Bg2 Bg7 6. O-O e6 7. c3 Nge7 8. Nh4
O-O 9. f4 f5 10. a4 Kh8 11. Na3 Ng8 12. exf5 gxf5 13. Be3 Nf6 14. Nc2 Ng4 15.
Bd2 Qb6 16. h3 c4+ 17. d4 Nf6 18. Ne3 d5 19. Rb1 Bd7 20. g4 Ne7 21. g5 Ne4 22.
Kh2 Bxa4 23. Qe2 Qd6 24. Bxe4 fxe4 25. Be1 Be8 26. Bg3 Nf5 27. Nhxf5 exf5 28.
h4 h5 29. Ra1 Bg6 30. Ra5 b6 31. Rxd5 Qc6 32. Ra1 a5 33. Qd1 a4 34. Qe2 Ra7 0-1

[Event "RACC ch"]
[Site "Ottawa CAN"]
[Date "1996.02.01"]
[Round "5"]
[White "Pacey, Kevin"]
[Black "Danilov, Alex"]
[Result "1-0"]
[WhiteElo "2260"]
[BlackElo "1766"]
[PlyCount "91"]
[EventDate "1996.01.04"]
[EventType "swiss"]
[EventRounds "7"]
[EventCountry "CAN"]

1. d4 Nf6 2. Nc3 d5 3. Bg5 g6 4. Bxf6 exf6 5. e3 Bg7 6. Qf3 Be6 7. Bd3 O-O 8.
Nge2 c5 9. dxc5 Nc6 10. O-O Rc8 11. Qf4 f5 12. Nd4 Ne5 13. b4 g5 14. Qg3 Ng6
15. Nce2 a5 16. a3 h5 17. f4 g4 18. c3 Qd7 19. Qe1 Bf6 20. Qb1 Ne7 21. Rc1 h4
22. Rc2 Ra8 23. Nc1 Qc8 24. Ncb3 axb4 25. cxb4 Nc6 26. b5 Na5 27. Nxa5 Rxa5 28.
Raa2 Re8 29. Qb4 Qa8 30. a4 Bd7 31. Re2 Bxd4 32. Qxd4 Be6 33. Ra1 Qd8 34. Rc2
Qe7 35. c6 bxc6 36. bxc6 Bc8 37. Re1 Qd6 38. Rb1 Re7 39. Rb5 Rea7 40. Rxa5 Rxa5
41. Bb5 Qe7 42. Rc5 Be6 43. c7 Ra8 44. Ba6 Qf8 45. Bb7 Rxa4 46. c8=Q 1-0

[Event "RACC ch"]
[Site "Ottawa CAN"]
[Date "1996.02.08"]
[Round "6"]
[White "Djerkovic, Miladin"]
[Black "Pacey, Kevin"]
[Result "1-0"]
[WhiteElo "2275"]
[BlackElo "2260"]
[PlyCount "105"]
[EventDate "1996.01.04"]
[EventType "swiss"]
[EventRounds "7"]
[EventCountry "CAN"]

1. e4 Nc6 2. Nf3 e6 3. d4 d5 4. Nc3 Bb4 5. e5 f5 6. exf6 Nxf6 7. Bd3 O-O 8. O-O
Qe8 9. Ne2 e5 10. dxe5 Nxe5 11. Nxe5 Qxe5 12. Bf4 Qe7 13. c3 Bd6 14. Bxd6 Qxd6
15. Qc2 Ng4 16. Ng3 Qh6 17. h3 Ne5 18. Rfe1 Nxd3 19. Qxd3 Be6 20. Re5 Rae8 21.
Rh5 Qg6 22. Qxg6 hxg6 23. Re5 Bf7 24. Rae1 Rxe5 25. Rxe5 Re8 26. Rxe8+ Bxe8 27.
f4 Kf7 28. Kf2 Ke6 29. Ne2 c5 30. Ke3 Bb5 31. Ng1 Bf1 32. g3 Bg2 33. Nf3 Kf6
34. h4 Bh3 35. Ne5 b6 36. b4 Be6 37. bxc5 bxc5 38. a3 Bf5 39. g4 Bc8 40. g5+
Kf5 41. Nd3 d4+ 42. cxd4 cxd4+ 43. Kxd4 Ba6 44. Nc5 Bc8 45. Ke3 Kg4 46. Ke4
Kxh4 47. Ke5 Kg4 48. Ne4 Kf3 49. Nf6 Ke3 50. Ne8 Kd3 51. Nxg7 Kc3 52. Ne6 Kb3
53. f5 1-0

[Event "RACC ch"]
[Site "Ottawa CAN"]
[Date "1996.02.15"]
[Round "7"]
[White "Pacey, Kevin"]
[Black "Devenport, Martin"]
[Result "0-1"]
[WhiteElo "2260"]
[BlackElo "2300"]
[PlyCount "70"]
[EventDate "1996.01.04"]
[EventType "swiss"]
[EventRounds "7"]
[EventCountry "CAN"]

1. e4 e5 2. Nf3 Nc6 3. Bc4 Bc5 4. Nc3 d6 5. Na4 Bg4 6. h3 Be6 7. Bb5 Bb6 8.
Nxb6 axb6 9. d4 exd4 10. Nxd4 Bd7 11. Bxc6 bxc6 12. O-O Ne7 13. Bd2 c5 14. Nf5
Nxf5 15. exf5 O-O 16. Qf3 Qf6 17. g4 Qxb2 18. Bc3 Ra3 19. Bxb2 Rxf3 20. Rfe1 f6
21. Re3 Rxe3 22. fxe3 Ra8 23. a3 Ra4 24. Kf2 Rc4 25. c3 h5 26. Rg1 Kf7 27. Rg3
Re4 28. Rg1 hxg4 29. hxg4 c4 30. Bc1 Re5 31. Rd1 Rb5 32. Rd4 Rb1 33. Bd2 b5 34.
a4 bxa4 35. Rxc4 c5 0-1

[Event "Remembrance Day op"]
[Site "Toronto CAN"]
[Date "1996.11.10"]
[Round "5"]
[White "Bond, Hal"]
[Black "Gould, Charles"]
[Result "1-0"]
[WhiteElo "1973"]
[BlackElo "1955"]
[PlyCount "55"]
[EventDate "1996.11.08"]
[EventType "swiss"]
[EventRounds "5"]
[EventCountry "CAN"]
[Source "CFC"]
[SourceDate "1997.02.01"]

1. e4 d6 2. d4 Nf6 3. Nc3 g6 4. f4 Bg7 5. Nf3 O-O 6. Bd3 c6 7. O-O Nbd7 8. e5
dxe5 9. fxe5 Nd5 10. Nxd5 cxd5 11. c3 b5 12. Ng5 Qb6 13. Kh1 h6 14. Nxf7 Rxf7
15. Rxf7 Kxf7 16. Qf3+ Ke8 17. Qxd5 Bb7 18. Qg8+ Nf8 19. Qxg7 Qc6 20. d5 Qxd5
21. Bxg6+ Kd8 22. Qxf8+ Kd7 23. e6+ Kc7 24. Qf4+ Kc8 25. Qf3 Qc4 26. Qe3 Bxg2+
27. Kxg2 Qg4+ 28. Kh1 1-0

[Event "Renfrew op"]
[Site "Renfrew CAN"]
[Date "1996.08.26"]
[Round "4"]
[White "Van Adel, Steven"]
[Black "Patterson, Roger"]
[Result "1-0"]
[WhiteElo "2013"]
[BlackElo "2305"]
[PlyCount "63"]
[EventDate "1996.08.25"]
[EventType "swiss"]
[EventRounds "5"]
[EventCountry "CAN"]
[Source "CFC"]
[SourceDate "2002.12.??"]

1. Nf3 d5 2. g3 Nf6 3. Bg2 c6 4. O-O Bf5 5. d3 e6 6. Nbd2 Be7 7. Qe1 h6 8. e4
Bh7 9. Qe2 Qc7 10. e5 Nfd7 11. b3 O-O 12. Bb2 a5 13. a4 b5 14. Ne1 bxa4 15.
bxa4 Na6 16. Nb3 Rab8 17. Bc3 Nb4 18. f4 Qb6+ 19. Kh1 Nxc2 20. Qxc2 Qxb3 21.
Qxb3 Rxb3 22. Bxa5 Ra8 23. Bc7 Rb7 24. Bd6 Bxd6 25. exd6 Rb4 26. Nf3 Bxd3 27.
Rfc1 Rbxa4 28. Rxa4 Rxa4 29. Ne5 Nxe5 30. fxe5 c5 31. d7 Ra8 32. Rxc5 1-0

[Event "Scarborough CC"]
[Site "Toronto CAN"]
[Date "1996.??.??"]
[Round "?"]
[White "Guidi, Steve"]
[Black "Lamb, Bryan"]
[Result "1-0"]
[WhiteElo "1824"]
[BlackElo "2121"]
[PlyCount "81"]
[EventDate "1996.??.??"]
[EventType "swiss"]
[EventCountry "CAN"]

1. d4 f5 2. c4 g6 3. Nc3 Bg7 4. g3 Nf6 5. Bg2 d6 6. Nf3 O-O 7. O-O c6 8. Re1 a5
9. b3 Na6 10. Bb2 Qe8 11. e4 Nxe4 12. Nxe4 fxe4 13. Rxe4 Bf5 14. Re1 Bf6 15. a3
g5 16. Qe2 Qg6 17. Rac1 c5 18. d5 Bg4 19. Bc3 Qh5 20. Qe3 Bd4 21. Nxd4 cxd4 22.
Qxd4 Rf6 23. Rxe7 Raf8 24. Rce1 Nc5 25. Qxf6 Rxf6 26. Bxf6 Qh6 27. Bc3 Bh5 28.
Bxa5 Nxb3 29. Bb4 Nd4 30. a4 Bf3 31. Re8+ Kf7 32. R1e7+ Kf6 33. Bxd6 Ne2+ 34.
Rxe2 Qh5 35. R2e6+ Kg7 36. Be5+ Kf7 37. R8e7+ Kg8 38. Rg7+ Kf8 39. Rb6 Bxg2 40.
Kxg2 Qe2 41. Rgxb7 1-0

[Event "Simcoe Day op"]
[Site "Toronto CAN"]
[Date "1996.08.02"]
[Round "1"]
[White "Livshits, Ron"]
[Black "Veltmann, Martin"]
[Result "1-0"]
[WhiteElo "2471"]
[BlackElo "2177"]
[PlyCount "41"]
[EventDate "1996.08.03"]
[EventType "swiss"]
[EventRounds "5"]
[EventCountry "CAN"]

1. e4 e6 2. d4 d5 3. Nd2 Nf6 4. e5 Nfd7 5. c3 c5 6. Bd3 Nc6 7. Ne2 Qb6 8. Nf3
cxd4 9. cxd4 Bb4+ 10. Kf1 Be7 11. g3 O-O 12. Kg2 f6 13. exf6 Nxf6 14. Nc3 e5
15. dxe5 Ng4 16. Rf1 Nxf2 17. Rxf2 Bh3+ 18. Kxh3 Qxf2 19. Bf4 g5 20. Nxg5 Bxg5
21. Qh5 1-0

[Event "Simcoe Day op"]
[Site "Toronto CAN"]
[Date "1996.08.03"]
[Round "2"]
[White "Torok, Alan"]
[Black "Veltmann, Alfred"]
[Result "1/2-1/2"]
[WhiteElo "2024"]
[BlackElo "1892"]
[PlyCount "91"]
[EventDate "1996.08.03"]
[EventType "swiss"]
[EventRounds "5"]
[EventCountry "CAN"]

1. c4 Nf6 2. Nf3 e6 3. g3 d5 4. b3 d4 5. Bb2 c5 6. Bg2 Nc6 7. O-O Be7 8. e3 e5
9. d3 O-O 10. e4 Bg4 11. h3 Bd7 12. Kh2 h5 13. Bc1 Nh7 14. Ng1 h4 15. Na3 a6
16. gxh4 Bxh4 17. Nc2 Be7 18. Qe2 Bd6 19. Kh1 Qh4 20. Nf3 Qh5 21. Nfxd4 Qxe2
22. Nxe2 f5 23. Nc3 f4 24. Kh2 Nd4 25. Ne1 Ng5 26. h4 Nge6 27. Nd5 Kf7 28. Nb6
Rad8 29. Nxd7 Rxd7 30. Bh3 Rh8 31. Bxe6+ Kxe6 32. Kg2 Rxh4 33. f3 g5 34. Rh1
Rxh1 35. Kxh1 g4 36. fxg4 Rg7 37. Kg2 Rxg4+ 38. Kf2 Be7 39. Bb2 Bh4+ 40. Kf1
Bxe1 41. Bxd4 cxd4 42. Rxe1 Rg3 43. Rd1 Re3 44. b4 Kd6 45. Kf2 Kc6 46. a3
1/2-1/2

[Event "Simcoe Day op"]
[Site "Toronto CAN"]
[Date "1996.08.03"]
[Round "2"]
[White "Veltmann, Martin"]
[Black "Powell, Bryson"]
[Result "1-0"]
[WhiteElo "2177"]
[BlackElo "2120"]
[PlyCount "93"]
[EventDate "1996.08.03"]
[EventType "swiss"]
[EventRounds "5"]
[EventCountry "CAN"]

1. d4 d5 2. c4 Nc6 3. e3 Nf6 4. Nf3 Bg4 5. Be2 e6 6. O-O Be7 7. Nbd2 O-O 8. h3
Bh5 9. b3 Bg6 10. Bb2 Ne4 11. Nxe4 dxe4 12. Nd2 f5 13. f4 exf3 14. Bxf3 Bg5 15.
Qe2 Nb4 16. Rfc1 Nc6 17. Bxc6 bxc6 18. Nf3 Bh5 19. Rf1 Bf6 20. Rad1 Qe7 21. Qc2
g5 22. Rd2 Rad8 23. e4 g4 24. e5 Bg7 25. Nh2 Bh6 26. Rd3 Rf7 27. Bc1 Bxc1 28.
Qxc1 Kh8 29. Qh6 Bg6 30. Qf4 c5 31. d5 gxh3 32. gxh3 Rg7 33. Kh1 Bh5 34. Rg1
Rxg1+ 35. Kxg1 Bf7 36. d6 cxd6 37. exd6 Qf6 38. Nf3 Qa1+ 39. Kh2 Qxa2+ 40. Rd2
Qa1 41. Qe5+ Qxe5+ 42. Nxe5 Kg8 43. d7 Be8 44. dxe8=Q+ Rxe8 45. Kg3 Rb8 46. Rd3
Rb7 47. Kf4 1-0

[Event "Simcoe Day op"]
[Site "Toronto CAN"]
[Date "1996.08.03"]
[Round "3"]
[White "Veltmann, Alfred"]
[Black "Vujosevic, Smilja"]
[Result "1-0"]
[WhiteElo "1892"]
[BlackElo "1975"]
[PlyCount "57"]
[EventDate "1996.08.03"]
[EventType "swiss"]
[EventRounds "5"]
[EventCountry "CAN"]

1. e4 c5 2. Nf3 d6 3. d4 cxd4 4. Nxd4 a6 5. Nc3 g6 6. Be3 Bg7 7. Qd2 Bd7 8. Bc4
Nc6 9. Nxc6 Bxc6 10. f3 Nf6 11. Bb3 O-O 12. O-O-O Qc8 13. Kb1 b5 14. Nd5 Qb7
15. g4 a5 16. a3 Rfd8 17. h4 h5 18. Nxf6+ Bxf6 19. gxh5 Kg7 20. hxg6 fxg6 21.
h5 b4 22. Qg2 Be8 23. Bd5 Qb5 24. hxg6 Bxg6 25. Rdg1 Qe8 26. Rh6 e6 27. Bxa8
Rxa8 28. Qxg6+ Qxg6 29. Rgxg6+ 1-0

[Event "Simcoe Day op"]
[Site "Toronto CAN"]
[Date "1996.08.03"]
[Round "3"]
[White "Veltmann, Martin"]
[Black "Chu, Christopher"]
[Result "1-0"]
[WhiteElo "2177"]
[BlackElo "2141"]
[PlyCount "47"]
[EventDate "1996.08.03"]
[EventType "swiss"]
[EventRounds "5"]
[EventCountry "CAN"]

1. c4 e6 2. Nc3 d5 3. d4 Nf6 4. Nf3 Be7 5. Bf4 O-O 6. e3 c6 7. Qc2 Nbd7 8.
O-O-O Qa5 9. Kb1 a6 10. g4 Re8 11. g5 Nh5 12. Bd3 g6 13. Ne5 Nxe5 14. Bxe5 Bd7
15. h4 Rec8 16. Be2 Ng7 17. h5 Be8 18. hxg6 fxg6 19. f4 Bf7 20. Bg4 Nh5 21.
Rdg1 Kf8 22. Bxh5 gxh5 23. Qxh7 Bb4 24. g6 1-0